000 00434nam a2200181Ia 4500
005 20240823012243.0
008 240823s9999||||xx |||||||||||||| ||und||
041 _aENGLISH
082 _A005.73 N2
100 _aSeymour Lipschutz
245 0 _aData Structures Using C
250 _a1st
260 _c1992
_b"PHI,New Delhi"
500 _aISSUED
650 _aProgramming
_bComputer Applications
942 _cBK
999 _c163881
_d163881